El Món i la meva càmera : Gisèle Freund / direcció Lydia Oliva Gisèle Freund / direcció Lydia Oliva
ISBN:
84-7794-878-X
Publicado:
[Barcelona] :
Centre de Cultura Contemporània de Barcelona : Institut d'Edicions de la Diputació de Barcelona, cop. 2002
Descripción Física:
237 p. : il., fot. ; 24 cm
Otros Autores:
Oliva, Lydia, dir
MARC
| LEADER | 00000nam a2200000Ia 4500 | ||
|---|---|---|---|
| 001 | 14022 | ||
| 008 | 160829s9999 xx 000 0 cat d | ||
| 020 | |a 84-7794-878-X | ||
| 080 | |a B-2-2 | ||
| 100 | |a Freund, Gisèle |9 28695 | ||
| 245 | |a El Món i la meva càmera : |b Gisèle Freund / direcció Lydia Oliva | ||
| 260 | |a [Barcelona] : |b Centre de Cultura Contemporània de Barcelona : |b Institut d'Edicions de la Diputació de Barcelona, cop. 2002 | ||
| 300 | |a 237 p. : |b il., fot. ; |c 24 cm | ||
| 590 | |a Catàleg de l'exposició | ||
| 650 | |a Freund, Gisèle |x Exposicions |9 28696 | ||
| 650 | |a Fotografia |x Exposicions |9 28960 | ||
| 700 | |a Oliva, Lydia, dir. |9 28697 | ||
| 710 | 2 | |a Centre de Cultura Contemporània de Barcelona |9 52510 | |
| 901 | |a Arxiu | ||
| 942 | |n 1 | ||
| 952 | |0 0 |1 0 |4 0 |6 B22 |7 1 |9 44910 |a Arxiu |b Arxiu |d 2016-12-01 |l 0 |o B-2-2 |p 14022 |r 2016-12-01 00:00:00 |w 2016-12-01 |y ARXIU | ||
| 999 | |c 47509 |d 47509 | ||